First two letters of cities that Start with Z - Statistics

General Stats
  • This quiz has been taken 52 times
  • The average score is 65 of 68
Answer Stats
Hint Answer % Correct
Netherlands Zaanstad
98%
Iran Zabol
98%
Poland Zabrze
98%
Mexico Zacatecas
98%
Croatia Zagreb
98%
Iran Zahedan
98%
China Zalantun
98%
Japan Zama
98%
Philippines Zamboanga
98%
Mexico Zamora de Hidalgo
98%
Iran Zanjan
98%
Tanzania Zanzibar City
98%
China Zaoyang
98%
China Zaozhuang
98%
Mexico Zapopan
98%
Ukraine Zaporizhia
98%
Spain Zaragoza
98%
Nigeria Zaria
98%
Jordan Zarqa
98%
Libya Zawiya
98%
China Zengcheng
98%
China Zunhua
98%
China Zunyi
98%
Switzerland Zurich
98%
China Zhangjiagang
95%
China Zhangjiajie
95%
China Zhangjiakou
95%
China Zhangqiu
95%
China Zhangshu
95%
China Zhangye
95%
China Zhangzhou
95%
China Zhanjiang
95%
China Zhaodong
95%
China Zhaoqinq
95%
China Zhaotong
95%
China Zhaoyuan
95%
Russia Zheleznodorozhny
95%
China Zhengzhou
95%
China Zhenjiang
95%
China Zhijiang
95%
Taiwan Zhongli City
95%
China Zhongshan
95%
China Zhongxiang
95%
China Zhoukou
95%
China Zhoushan
95%
China Zhouzhou
95%
China Zhuanghe
95%
Taiwan Zhubei City
95%
China Zhucheng
95%
China Zhuhai
95%
China Zhuji
95%
Russia Zhukovsky
95%
China Zhumadian
95%
China Zhuzhou
95%
Ukraine Zhytomyr
95%
China Zibo
95%
Poland Zielona Góra
95%
China Zigong
95%
Senegal Ziguinchor
95%
Niger Zinder
95%
Colombia Zipaquirá
95%
China Zixing
95%
China Ziyang
95%
Netherlands Zoetermeer
95%
China Zoucheng
95%
Russia Zlatoust
93%
Libya Zliten
93%
Netherlands Zwolle
93%
No matching quizzes found
Score Distribution
Percent of People with Each Score
Percentile by Number Answered
Your Score History
You have not taken this quiz